Crack the Code: European Cities - Statistics

General Stats
  • This quiz has been taken 83 times
  • The average score is 9 of 10
Answer Stats
Clue City % Correct
Portugals biggest city L
99%
Is probably the only city in Norway that you know of O
99%
The birthplace of pizza N
97%
Capital city of Latvia R
96%
This German city is not to be mistaken with perfume C
95%
-Burgh city in Scotland E
95%
Built on a series of canals, has more bikes than people A
93%
Was originally two different cities separated by the Danube B
87%
Is considered the oldest capital city in Europe A
81%
BARCELONA
67%
No matching quizzes found
Score Distribution
Percent of People with Each Score
Percentile by Number Answered
Your Score History
You have not taken this quiz